000 00757nmm a2200277 a 4500
003 AR-BaBNM
005 20251128203155.0
008 016019s1985 ||||||||||||||000 | spa||
040 _cAR-BaBNM
100 1 _aLorenzo de Stachón, Ana I.
245 1 0 _aRealidad y problemática educativa
250 _a1ª ed.
260 _aPosadas
_bMontoya
_c1985
300 0 _a89 p.
_bil.
504 _aBibliografía al final del libro
650 4 _aPEDAGOGIA
650 4 _aFILOSOFIA DE LA EDUCACION
650 4 _aEDUCACION PERMANENTE
650 4 _aENSENANZA TECNICA
650 4 _aDIFICULTADES EN EL APRENDIZAJE
650 4 _aCARACTERISTICAS DEL DOCENTE
650 4 _aROL DEL DOCENTE
653 0 _aENSENANZA TRADICIONAL
942 _cBK
998 _cCarmen
999 _c2234
_d2234